| 000 | 00546nam a2200169Ia 4500 | ||
|---|---|---|---|
| 999 |
_c20198 _d20198 |
||
| 003 | OSt | ||
| 005 | 20200625101641.0 | ||
| 008 | 190216s9999||||xx |||||||||||||| ||und|| | ||
| 020 | _a195622057 | ||
| 040 | _coclc | ||
| 082 |
_a954.0350924 _bDOU/A |
||
| 100 |
_aDouglas, Ian Henderson _93222 |
||
| 245 | 0 |
_aAbul Kalam Azad An Intellectual And Religious Biography / _cIan Henderson Douglas |
|
| 260 |
_bOxford University Press, _c1988. _aDelhi: |
||
| 300 | _a358p | ||
| 942 |
_cBK _2ddc _h954.0350924 _iDOU/A _k954.0350924 _mDOU/A |
||